Quiz lightstick - Statistiques

Statistiques générales
  • Ce quiz a été pris 28 fois
  • Le résultat moyen est 23 sur 34
Statistiques - réponses
Par images Réponse % Correct
Blackpink
100%
BTS
100%
Twice
96%
EXO
91%
Stray Kids
91%
NewJeans
87%
Red velvet
87%
TXT
87%
(G)i-dle
83%
NCT
83%
Astro
78%
Babymonster
78%
Itzy
78%
Le sserafim
78%
Mamamoo
78%
Bigbang
74%
Enhypen
70%
Izone
70%
Stayc
70%
Ateez
65%
XG
57%
Dreamcatcher
52%
Girls' generation
52%
Seventeen
52%
Zerobaseone
52%
Illit
48%
Kiss of life
48%
Nmixx
48%
Ikon
43%
Loona
43%
WayV
43%
Wonder girls
39%
Fromis_9
35%
Shinee
35%
Aucun quiz correspondant
Distribution des résultats
% des personnes avec chaque résultat
Percentile par nombre de réponses
Votre historique - résultats
Vous n’avez pas pris ce quiz